000 00569nam a22001817a 4500
008 130304t xxu||||| |||| 00| 0 eng d
020 _a9-7818-4703-4571
082 _222 ed.
_a346.02
_bCHR
100 _aChristou,Richard
_96999
245 _aBoilerplate:
_bpractical clauses /
_cRichard Christou
250 _a 5 ed
260 _aEngland :
_bThomson Reutes
_c2010
300 _axl, 389 P. ;
_c24 cm.
500 _aIncludes Index
650 _aCommercial law
_9331
650 _aBoilerplate
_97000
942 _2ddc
_cBK
999 _c5303
_d5303